zpět

Detail výsledku týmu

Forrum, Brno

Datum a čas kvízu

30 Celkem bodů Celkový počet nahraných bodů na tomto kvízu bez doplňovacích otázek.
5. Pořadí na kvízu Konečné umístění týmu na tomto kvízu.

Zaznamenané odpovědi

# Otázka Odpověď Body Výsledky
1. Jak se jmenuje muž, který byl... 1
2. Americká Federální komise pro... 1
3. Při udílení prestižních americ... 0
4. Společnost Coca-Cola je první... 0
5. Mnozí máme v paměti první ročn... 0
5. Díváme se na legendární užitko... 0
5. Jak se jmenovala značka, která... 0
5. Opel je součástí skupiny Group... 1
5. O Ferdinandovi Porsche, zaklad... 0
5. Určitě si vybavíte, jak vypadá... 0